=LDR 00000nam 2200000 4500 =001 INLIS000000000036983 =005 20140324165828.0 =006 =007 =008 Ind =035 ##$$a 0010-061300000036983 =041 ##$$a Ind =082 ##$$a 813 =090 ##$$a 813, Loe d =100 ##$$a Coelho, Poulo =245 ##$$a Di tepi sungai piedra aku duduk dan menagis, Poulo Coeiho ; alih bahasa, Rosi L Simamora =260 ##$$a Jakarta $b Gramedia pustaka utama $c 2011 =300 ##$$a 222 hlm, 20 cm =650 ##$$a Fiksi Indonesia-terjamahan =850 ##$$a NBPNMAT =990 ##$$a 91423/BPAP-NTB/2014 =990 ##$$a 92365/BPAP-NTB/2014